Guess the Sport Based on the Description - Statistics

General Stats
  • This quiz has been taken 69 times
  • The average score is 12 of 14
Answer Stats
Description Sport % Correct
Punch until you literally can't anymore (or the match is over, or a tap out) Boxing
92%
A singles or doubles match is played using a small ball and racquets Tennis
92%
Balance on two wheels as you pedal Cycling / Biking
91%
Ride the wave on a flat board Surfing
91%
A team of six bump, set, and spike a ball over a net Volleyball
91%
Home run! Baseball
89%
Swing at a small ball and try to make it into a hole with the least number of points possible Golf
88%
Kick a ball into a goal that is guarded by someone on the opposing team Soccer / Football
88%
Roll a heavy ball towards pins in attempt to make them topple over Bowling
86%
Hit an extremely light ball over a net that is stretched across a table Table Tennis / Ping Pong
84%
A team of five run and dribble a ball up a court towards a circular net Basketball
81%
The game where Queens attack Kings (and so does everything else!) Chess
78%
Baseball, but a bigger ball Softball
64%
Don't get hit as a ball comes hurling towards you Dodgeball
61%
No matching quizzes found
Score Distribution
Percent of People with Each Score
Percentile by Number Answered
Your Score History
You have not taken this quiz